Small business management & entrepreneurship/ (Record no. 13486)

MARC details
000 -LEADER
fixed length control field 00635nam a22002177a 4500
001 - CONTROL NUMBER
control field 13486
005 - DATE AND TIME OF LATEST TRANSACTION
control field 20260224094406.0
008 - FIXED-LENGTH DATA ELEMENTS--GENERAL INFORMATION
fixed length control field 260224b |||||||| |||| 00| 0 eng d
020 ## - INTERNATIONAL STANDARD BOOK NUMBER
International Standard Book Number 9781844802241
020 ## - INTERNATIONAL STANDARD BOOK NUMBER
International Standard Book Number 1844802248
040 ## - CATALOGING SOURCE
Original cataloging agency BSULIB
082 ## - DEWEY DECIMAL CLASSIFICATION NUMBER
Edition number 22
Classification number 658.02
Item number STO
245 ## - TITLE STATEMENT
Title Small business management & entrepreneurship/
Statement of responsibility, etc David Stokes & Nicholas Wilson
250 ## - EDITION STATEMENT
Edition statement 5th ed.
260 ## - PUBLICATION, DISTRIBUTION, ETC. (IMPRINT)
Place of publication, distribution, etc Canada:
Name of publisher, distributor, etc Thomas,
Date of publication, distribution, etc 2006.
300 ## - PHYSICAL DESCRIPTION
Extent xxiii, 479P.:
Other physical details col. ill.;
Dimensions 23cm.
500 ## - GENERAL NOTE
General note Includes bibliographical references and index
650 ## - SUBJECT ADDED ENTRY--TOPICAL TERM
Source of heading or term Entrepreneurship
700 ## - ADDED ENTRY--PERSONAL NAME
Personal name Wilson, Nicholas.
9 (RLIN) 26307
942 ## - ADDED ENTRY ELEMENTS (KOHA)
Source of classification or shelving scheme Dewey Decimal Classification
Item type Books
Holdings
Withdrawn status Lost status Source of classification or shelving scheme Damaged status Not for loan Home library Current library Shelving location Date acquired Source of acquisition Inventory number Total Checkouts Full call number Barcode Date last seen Copy number Price effective from Koha item type Public note
    Dewey Decimal Classification     Main Library Main Library Reserve Book Section 24/02/2026 Donation 12684   658.02 STO bsu26020487 24/02/2026 001 24/02/2026 Books Material available in hard copy

© 2017 Bishop Stuart University Library. All Rights Reserved.
Kakoba Campus, Plot 150 Buremba Road | P.O. Box 9, Mbarara, UGANDA | Tel: +256-772-463068
Email: library@bsu.ac.ug